000 00604nam a2200265Ia 4500
005 20260306164344.0
008 008 260114s9999 xx 000 0 eng d
020 _a9780300188936
037 _aEBOOK
040 _aCRL
040 _beng
040 _cCRL
041 _2eng
041 _aeng
084 _qCRL
100 _aKadane
_9937090
245 4 _aThe Watchful Clothier
260 _bYale University Press
260 _c2013
650 _aEconomics & Finance
856 _uhttps://academic.oup.com/book/21580
942 _cEBOOK
999 _c1713768
_d1713768